000 00583nam a2200217Ia 4500
003 OSt
005 20220925204226.0
006 a|||||r|||| 00| 0
007 ta
008 220923b |||||||| |||| 00| 0 eng d
037 _cGeneral Book
040 _aRTL
_cRTL
_beng
041 _2eng
_aeng
082 _aX:97D, L7
100 _aGERNIGON B
_9267947
245 0 _aTenure of trade union office
260 _aGeneva
_bInternational Labour Organisation
_c1977
300 _a112p
_ccm.
942 _hX:97D, L7
_cGB
_2CC
999 _c548881
_d548881